| 000 | 00558aam a2200217 4500 | ||
|---|---|---|---|
| 005 | 20160909120901.0 | ||
| 008 | 150824b xxu||||| |||| 00| 0 spa d | ||
| 041 | _aES | ||
| 082 | _a621.381.5 C977c | ||
| 245 | _aCurso práctico de electrónica digital y circuitos integrados | ||
| 260 | _aColombia | ||
| 260 | _bCEKIT | ||
| 260 | _c19- | ||
| 300 | _a116 páginas | ||
| 500 | _aVOLUMEN 2 | ||
| 650 |
_aELECTRÓNICA _91815 |
||
| 650 |
_aELECTRÓNICA DIGITAL _91843 |
||
| 650 |
_aCIRCUITOS INTEGRADOS _94619 |
||
| 650 |
_aPROYECTOS _91569 |
||
| 942 | _cBK | ||
| 999 |
_c670 _d670 |
||